| 000 | 01209nam a2200325 c 4500 | ||
|---|---|---|---|
| 001 | 6789 | ||
| 003 | ES-MaCES | ||
| 005 | 20141221121847.0 | ||
| 008 | 980402s1998 sp ado ||| | spa d | ||
| 017 |
_aM. 6.559-1998 _bDL |
||
| 020 | _a8449103339 | ||
| 024 | 7 |
_a251-98-004-2 _2nipo |
|
| 035 | _aCES19980068532m | ||
| 040 |
_aES-MaCES _bspa _cES-MaCES |
||
| 110 | 2 |
_aInstituto Español de Oceanografía _94225 |
|
| 245 | 1 | 0 |
_aPrograma marco 1993-1996 _b: informe de resultados _cInstituto Español de Oceanografía ; [edición coordinada por Jerónimo Corral Estrada] |
| 260 |
_aMadrid _bMinisterio de Agricultura, Pesca y Alimentación, Secretaría General Técnica _c1998 |
||
| 300 |
_a205 p. _bil., gráf., fot. col. _c30 cm |
||
| 500 | _aIndice | ||
| 541 | _cGratuito | ||
| 610 | 2 | 4 |
_aInstituto Español de Oceanografía _94225 |
| 650 | 4 |
_ainforme de actividades _928984 |
|
| 650 | 4 |
_a1993-1996 _930823 |
|
| 653 | 1 | 0 | _aAdministración-Instituciones públicas |
| 700 | 1 |
_aCorral Estrada, Jerónimo _ecol. _910008 |
|
| 710 | 1 |
_aEspaña _bMinisterio de Agricultura, Pesca y Alimentación _eed. _93225 |
|
| 902 | _aLIB Libro | ||
| 942 |
_2CES _cBK _h6.3. |
||
| 999 |
_c6789 _d6789 |
||